George Carlin Quotes Quiz Stats

 Plays Quiz not verified by Sporcle

Challenge
Share
Tweet
Embed
Score 0/15 Timer 10:00
0 Plays Today
% Correct
flamethrowers
92.2%
screwing
88.5%
cloud eight
87.8%
stuff
87.2%
practice
86.4%
falling from heights
83.9%
stupid
81.9%
entertainment
81.9%
% Correct
gets stuck
78.1%
candles
76.1%
tired
75.3%
sucks
73.8%
free
63.9%
deserted
62.5%
changed
61.4%

You're not logged in!

Compare scores with friends on all Sporcle quizzes.
Join for Free
OR
Log In

You Might Also Like...

Show Comments

Extras

Top Quizzes Today


Score Distribution

Your Account Isn't Verified!

In order to create a playlist on Sporcle, you need to verify the email address you used during registration. Go to your Sporcle Settings to finish the process.

Report this User

Report this user for behavior that violates our Community Guidelines.

Details: